000 00330nam a22001457a 4500
008 230921b ||||| |||| 00| 0 eng d
020 _a9780521419833
041 _aeng
080 _a521
082 _a521HAR
100 _a19
101 _aASTRO
245 _aTHE CHEMICALLU CONTROLLED COSMOS
_cHARTQUIST.W.T
942 _2udc
_cBK
999 _c60384
_d60384